000 01009nam a22003257a 4500
001 BR0702332
003 BR-BrBNA
005 20230928102427.0
007 ta
008 230509b bl.||||| |||| 00| 0 por d
040 _aBR-BrBNA
_bpor
_cBiblioteca Nacional de Agricultura
041 _a(Por)
072 _aL73; L70; D50
_b6100
_b4110
_b4150
090 _ 6100 BR0702332
110 1 _aMinistério da Agricultura, Pecuária e Abastecimento, Brasília, DF (Brasil). Secretaria de Defesa Agropecuária
245 1 _aPrograma Nacional de Sanidade Avícola; manual técnico; estrutura administrativa e organizacional
260 3 _aBrasília, DF (Brasil):
_c2002.
300 _a44 p.
650 _aFRANGO
650 _aSANIDADE ANIMAL
650 _aINSPEÇÃO VETERINÁRIA
650 _aPROJETO AGRÍCOLA
650 _aERRADICAÇÃO
650 _aMICOPLASMOSE
650 _aSALMONELOSE
650 _aNEWCASTLE
650 _aLEGISLAÇÃO
909 _a202309
_bLucia
_c55
_dLucia Elande
942 _cBK
999 _c70718
_d70718